Gears of War - Squadmates - Statistics

General Stats
  • This quiz has been taken 190 times
    126 since last reset
  • The average score is 13 of 19
Answer Stats
Squadmates % Correct
Augustus Cole
96%
Dominic Santiago
96%
Damon Baird
94%
Marcus Fenix
94%
Anya Stroud
83%
Anthony Carmine
78%
Benjamin Carmine
78%
Clayton Carmine
70%
Victor Hoffman
69%
Minh Young Kim
68%
Samantha Byrne
68%
James Fenix
65%
Dizzy Wallin
61%
Jace Stratton
61%
Tai Kaliso
61%
Delmont Walker
50%
Kait Diaz
48%
Oscar Diaz
26%
Fahz Chutani
21%
No matching quizzes found
Score Distribution
Percent of People with Each Score
Percentile by Number Answered
Your Score History
You have not taken this quiz since the last reset